[Event "23rd European Teams Women"]
[Site "Terme Catez SLO"]
[Date "2021.11.12"]
[Round "1.3"]
[Board "4"]
[White "Christodoulaki, Antonia"]
[Black "Socko, Monika"]
[Result "0-1"]
[BlackTitle "GM"]
[WhiteElo "2075"]
[BlackElo "2393"]
[WhiteTeam "Greece"]
[BlackTeam "Poland"]
[WhiteFideId "4214935"]
[BlackFideId "1106619"]
[EventDate "2021.11.12"]

1. d4 Nf6 2. Nf3 e6 3. Bf4 d5 4. e3 c5 5. c3 Bd6 6. Bg3 O-O 7. Bd3 Qc7 8. Nbd2
Nbd7 9. O-O Bxg3 10. hxg3 e5 11. Bf5 e4 12. Nh2 cxd4 13. cxd4 Nb6 14. Rc1 Qd6
15. Bxc8 Raxc8 16. Qb3 Rc6 17. Rxc6 Qxc6 18. Nb1 Rc8 19. Nc3 Qd7 20. Rc1 Rc6 21.
Qc2 h6 22. Nf1 Qf5 23. Qe2 Nc4 24. Rc2 Qd7 25. Na4 Qc7 26. b3 Nd6 27. Rxc6 Qxc6
28. Nc5 b6 29. Na4 Nb5 30. Qb2 Ng4 31. f3 Nf6 32. Kf2 Qc8 33. g4 exf3 34. gxf3
h5 35. gxh5 Qh3 36. Qe2 Nd6 37. Ke1 Nf5 38. Nc3 Nh4 39. f4 Nf3+ 40. Kd1 Nxd4 41.
exd4 Qxc3 42. Qd2 Qf3+ 43. Ke1 Nxh5 44. Qe2 Qxe2+ 45. Kxe2 Nxf4+ 46. Kf3 Ne6 47.
Kg4 g6 48. Ne3 f5+ 49. Kf3 Nxd4+ 50. Kf2 Kf7 51. Nxd5 g5 52. Ke3 Nc6 53. Nc3 Ke6 0-1

[Event "23rd European Teams Women"]
[Site "Terme Catez SLO"]
[Date "2021.11.12"]
[Round "1.6"]
[Board "2"]
[White "Milliet, Sophie"]
[Black "Agrest, Inna"]
[Result "1/2-1/2"]
[WhiteTitle "IM"]
[BlackTitle "WIM"]
[WhiteElo "2418"]
[BlackElo "2258"]
[WhiteTeam "France"]
[BlackTeam "Sweden"]
[WhiteFideId "623725"]
[BlackFideId "1708830"]
[EventDate "2021.11.12"]

1. d4 Nf6 2. c4 g6 3. Nc3 Bg7 4. e4 d6 5. Nf3 O-O 6. Be2 Nbd7 7. O-O e5 8. Qc2
exd4 9. Nxd4 Re8 10. Be3 c6 11. Rad1 Qe7 12. f3 d5 13. cxd5 Nxd5 14. Nxd5 cxd5
15. Nb5 dxe4 16. f4 Nf8 17. Nc7 Bf5 18. Nxa8 Rxa8 19. g4 Rc8 20. Qd2 Be6 21. a3
Bb3 22. Rc1 Rd8 23. Qb4 Qxb4 24. axb4 Ne6 25. Bc4 Bxc4 26. Rxc4 f5 27. Rfc1 Rd3
28. Kf2 Bxb2 29. R1c2 Bf6 30. Rd2 Rxd2+ 31. Bxd2 Kf7 32. g5 Be7 33. h4 Bd6 34.
Kg3 Ng7 35. Rc8 Ke6 36. Rh8 Nh5+ 37. Kf2 Bxf4 38. Bxf4 Nxf4 39. Rxh7 Nd3+ 40.
Ke3 Nxb4 41. Rxb7 Nd5+ 42. Kd4 Ne7 43. Rc7 Kd6 44. Rc1 a5 45. Rc4 a4 46. Rxa4
Nc6+ 47. Ke3 Ke5 48. h5 gxh5 49. g6 f4+ 50. Kf2 Ne7 51. g7 e3+ 52. Kf3 Kf6 53.
Re4 Ng8 54. Kxf4 Kxg7 55. Kg5 Kf7 56. Rxe3 Ne7 57. Kxh5 Kf6 58. Kg4 Ng6 59. Ra3
Nf8 60. Rf3+ Ke7 61. Kf5 Kd6 62. Rd3+ Kc6 63. Ke5 Nd7+ 64. Kd4 Kd6 65. Rh3 Ke6
66. Ra3 Kf5 67. Re3 Nf6 68. Rf3+ Ke6 69. Rf1 Nd7 70. Ra1 Kf5 71. Ra6 Nf6 72. Rb6
Nd7 73. Rb5+ Ke6 74. Rd5 Nf6 75. Re5+ Kd6 76. Ra5 Ke6 77. Ra6+ Kf5 78. Rd6 Ng4
79. Rd8 Nf6 80. Rh8 Ke6 81. Rh6 Kf5 82. Rh1 Ke6 83. Rf1 Nd7 84. Rf3 Nf6 85. Re3+
Kd6 86. Kc4 Nd7 87. Kb5 Ne5 88. Re1 Kd5 89. Rd1+ Ke4 90. Rd8 Nf3 91. Kc5 Ke3 92.
Kd5 Kd3 93. Ra8 Ke3 94. Ra4 Ng5 95. Rh4 Nf3 96. Rg4 Nd2 97. Rd4 Nf3 98. Re4+ Kd3
99. Re8 Nd2 100. Ke5 Nc4+ 101. Kf4 Kd4 102. Rc8 Kd5 103. Rh8 Nd6 104. Rh6 Nc4
105. Rh5+ Kd4 106. Rh1 Kd5 107. Rc1 Kd4 108. Rd1+ 1/2-1/2

[Event "23rd European Teams Women"]
[Site "Terme Catez SLO"]
[Date "2021.11.12"]
[Round "1.10"]
[Board "1"]
[White "Novkovic, Julia"]
[Black "Bulmaga, Irina"]
[Result "0-1"]
[WhiteTitle "WFM"]
[BlackTitle "IM"]
[WhiteElo "2082"]
[BlackElo "2405"]
[WhiteTeam "Austria"]
[BlackTeam "Romania"]
[WhiteFideId "12000086"]
[BlackFideId "13903063"]
[EventDate "2021.11.12"]

1. e4 c5 2. Nf3 d6 3. Bb5+ Nd7 4. O-O a6 5. Bd3 b5 6. c4 Rb8 7. Re1 b4 8. a3 a5
9. Bc2 e5 10. axb4 axb4 11. Ba4 Nf6 12. d4 cxd4 13. c5 Qc7 14. c6 Nc5 15. Nxd4
Nxa4 16. Qxa4 exd4 17. Bf4 Ng4 18. e5 Nxe5 19. Nd2 Be7 20. Nb3 O-O 21. Nxd4 Nd3
22. Qa7 Qxa7 23. Rxa7 Nxe1 24. Rxe7 Be6 25. Bxd6 Ra8 26. Nxe6 fxe6 27. Kf1 Nd3
28. f3 Rf7 29. c7 Rxe7 30. Bxe7 Rc8 0-1

[Event "23rd European Teams Women"]
[Site "Terme Catez SLO"]
[Date "2021.11.12"]
[Round "1.12"]
[Board "3"]
[White "Machlik, Edit"]
[Black "Eric, Jovana"]
[Result "1-0"]
[BlackTitle "WGM"]
[WhiteElo "2087"]
[BlackElo "2253"]
[WhiteTeam "Norway"]
[BlackTeam "Serbia"]
[WhiteFideId "1513591"]
[BlackFideId "938238"]
[EventDate "2021.11.12"]

1. d4 Nf6 2. c4 e6 3. Nc3 Bb4 4. Qc2 Nc6 5. Nf3 O-O 6. e3 d6 7. Bd2 e5 8. dxe5
dxe5 9. a3 Bxc3 10. Bxc3 Re8 11. h3 a5 12. b3 h6 13. Be2 e4 14. Nd4 Ne5 15. Rd1
Qe7 16. Bb2 Bd7 17. a4 Qc5 18. O-O Rad8 19. Nb5 Bxb5 20. axb5 Ned7 21. Rd2 Qe7
22. Rfd1 b6 23. Bc3 Ra8 24. Bb2 Nc5 25. Ba3 Qe5 26. b4 axb4 27. Bxb4 Qg5 28. Bc3
Kh7 29. Bb2 Re6 30. Bc3 Rae8 31. Bb2 Qg6 32. Bc3 Ng8 33. Rd5 Nf6 34. R5d2 R6e7
35. Rd8 Nfd7 36. Rxe8 Rxe8 37. Bb4 Re5 38. Rd5 Qe6 39. Rxe5 Qxe5 40. Bc3 Qg5 41.
Qd2 Ne5 42. Qd5 f6 43. Bd4 Ned3 44. Qc6 Ne1 45. Kf1 Ned3 46. Qxc7 Qf5 47. Qg3
Nb3 48. Bc3 Qc5 49. Qg4 Qxc4 50. Qf5+ Kh8 51. Qg6 Nbc5 52. Qe8+ Kh7 53. Bd2 f5
54. Qf8 Qd5 55. Bc3 Ne6 56. Qf7 Qc5 57. Qxe6 Qxc3 58. Qxf5+ Kh8 59. Qf8+ Kh7 60.
Qf5+ Kh8 61. Kg1 Qc1+ 62. Bf1 Qc4 63. Qf8+ Kh7 64. Qf5+ Kg8 65. Qd7 Qc2 66. Qe8+
Kh7 67. Qxe4+ 1-0

[Event "23rd European Teams Women"]
[Site "Terme Catez SLO"]
[Date "2021.11.12"]
[Round "1.13"]
[Board "2"]
[White "Baginskaite, Kamile"]
[Black "Zimina, Olga"]
[Result "1-0"]
[WhiteTitle "WGM"]
[BlackTitle "IM"]
[WhiteElo "2100"]
[BlackElo "2339"]
[WhiteTeam "Lithuania"]
[BlackTeam "Italy"]
[WhiteFideId "2014599"]
[BlackFideId "4132190"]
[EventDate "2021.11.12"]

1. d4 Nf6 2. Nf3 e6 3. c4 b6 4. g3 Ba6 5. b3 Bb4+ 6. Bd2 Be7 7. Nc3 c6 8. Bg2 d5
9. Ne5 Nfd7 10. Nd3 dxc4 11. bxc4 Bxc4 12. Bf4 O-O 13. O-O a5 14. Rb1 Qc8 15.
Qd2 Rd8 16. Rfc1 Qa6 17. Nb2 e5 18. Nxc4 exf4 19. Qxf4 Ra7 20. Ne4 b5 21. Ne3
Nf8 22. Nf5 Ne6 23. Qg4 Rad7 24. Nxe7+ Rxe7 25. e3 Qa7 26. d5 cxd5 27. Nf6+ Kh8
28. Nxd5 Rb7 29. Nc3 Rc7 30. Nxb5 Rxc1+ 31. Rxc1 Qb6 32. a4 Nd7 33. Rc6 Qb8 34.
Qf5 Ne5 35. Be4 g6 36. Qf6+ Kg8 37. Ra6 Ng4 38. Qh4 h5 39. Ra8 Qb6 40. Rxd8+
Nxd8 41. h3 Nf6 42. Bf3 Kg7 43. Qc4 Ne6 44. Nd4 Nc5 45. Nb5 Ne6 46. Qc3 Nc5 47.
Qd4 Nd7 48. Qc3 Nc5 49. Bd1 Ne4 50. Qd4 Qc6 51. Bf3 Qc1+ 52. Kg2 Nd2 53. Be2 Ne4
54. Nd6 Nxd6 55. Qxd6 Qc2 56. Qd1 Qa2 57. Bf3 Qc4 58. h4 Ne4 59. Qd4+ Qxd4 60.
exd4 Nd2 61. Bd5 f6 62. f4 g5 63. Kf2 gxh4 64. gxh4 Nb1 65. Ke3 Nc3 66. Bc6 Na2
67. d5 Kf7 68. Kd4 Ke7 69. Kc5 Nb4 70. d6+ Ke6 71. d7 Ke7 72. Kb6 Kd8 73. f5 Nc2
74. Kxa5 Ne3 75. Kb6 Nxf5 76. a5 Nd4 77. a6 Ne6 78. a7 Nc7 79. Kc5 Ke7 80. Kd4
Ne6+ 81. Ke4 1-0

[Event "23rd European Teams Women"]
[Site "Terme Catez SLO"]
[Date "2021.11.13"]
[Round "2.1"]
[Board "1"]
[White "Vega Gutierrez, Sabrina"]
[Black "Goryachkina, Aleksandra"]
[Result "0-1"]
[WhiteTitle "IM"]
[BlackTitle "GM"]
[WhiteElo "2394"]
[BlackElo "2604"]
[WhiteTeam "Spain"]
[BlackTeam "Russia"]
[WhiteFideId "2219026"]
[BlackFideId "4147103"]
[EventDate "2021.11.12"]

1. d4 Nf6 2. c4 e6 3. Nc3 Bb4 4. Qc2 d6 5. g3 O-O 6. Bg2 e5 7. d5 a5 8. e3 c6 9.
Ne2 cxd5 10. cxd5 b5 11. a3 Bxc3+ 12. Nxc3 Ba6 13. b4 Nbd7 14. O-O Nb6 15. e4
Rc8 16. Qd3 Qc7 17. Bd2 Nc4 18. Rfc1 Nxd2 19. Qxd2 Qb6 20. Nd1 a4 21. Ne3 Rxc1+
22. Rxc1 Bc8 23. Rc6 Qb8 24. Nf5 Bxf5 25. exf5 Re8 26. Bf1 e4 27. Qd4 Nd7 28.
Kg2 h6 29. Qe3 Re5 30. Qc1 Re8 31. Qe3 Re5 32. Qc3 Re8 33. Qd4 Re5 34. Ra6 e3
35. fxe3 Nf6 36. Qb6 Qc8 37. Qxd6 Qc2+ 38. Kg1 Ng4 39. Ra8+ Kh7 0-1

[Event "23rd European Teams Women"]
[Site "Terme Catez SLO"]
[Date "2021.11.13"]
[Round "2.2"]
[Board "1"]
[White "Dzagnidze, Nana"]
[Black "Bulmaga, Irina"]
[Result "1-0"]
[WhiteTitle "GM"]
[BlackTitle "IM"]
[WhiteElo "2524"]
[BlackElo "2405"]
[WhiteTeam "Georgia"]
[BlackTeam "Romania"]
[WhiteFideId "13601903"]
[BlackFideId "13903063"]
[EventDate "2021.11.12"]

1. d4 Nf6 2. c4 g6 3. Nf3 Bg7 4. g3 O-O 5. Bg2 d6 6. Nc3 c6 7. e4 c5 8. d5 b5 9.
e5 dxe5 10. Nxe5 Bb7 11. Nc6 Nxc6 12. dxc6 Qxd1+ 13. Kxd1 Rad8+ 14. Ke2 b4 15.
cxb7 bxc3 16. bxc3 Nd7 17. Rd1 Bxc3 18. Rb1 Nb8 19. Be3 Bd4 20. Bxd4 cxd4 21.
Rb5 Rd6 22. Ra5 a6 23. c5 Re6+ 24. Kf1 Rd8 25. c6 Nxc6 26. Rxa6 Nb8 27. Rxe6
fxe6 28. Rc1 Kf7 29. Rc8 Rf8 30. a4 Na6 31. Be4 Kg7 32. Bd3 Nb8 33. a5 e5 34. a6
e4 35. Rxf8 Kxf8 36. a7 1-0

[Event "23rd European Teams Women"]
[Site "Terme Catez SLO"]
[Date "2021.11.13"]
[Round "2.7"]
[Board "2"]
[White "Barbier, Wiebke"]
[Black "Mkrtchian, Lilit"]
[Result "1-0"]
[BlackTitle "IM"]
[WhiteElo "1964"]
[BlackElo "2379"]
[WhiteTeam "Belgium"]
[BlackTeam "Armenia"]
[WhiteFideId "207977"]
[BlackFideId "13300601"]
[EventDate "2021.11.12"]

1. e4 c6 2. d4 d5 3. exd5 cxd5 4. c4 Nf6 5. Nc3 g6 6. Nf3 Bg7 7. Be2 O-O 8. O-O
Nc6 9. h3 Be6 10. Ng5 Bf5 11. Be3 e5 12. dxe5 d4 13. Bxd4 Nxd4 14. exf6 Qxf6 15.
Nge4 Nxe2+ 16. Qxe2 Qc6 17. Qf3 Bxc3 18. Nxc3 Qxf3 19. gxf3 Bxh3 20. Rfe1 Rfe8
21. Nd5 Kg7 22. b3 Rad8 23. Re3 Bd7 24. Rae1 Re6 25. Kg2 a5 26. a4 Rd6 27. Kg3
b6 28. Rd1 Bc6 29. Red3 Bxd5 30. cxd5 Rc8 31. Kf4 Kf6 32. Ke4 Rc2 33. R1d2 Rc1
34. Rd1 Rc8 35. Kd4 Rc5 36. Ke4 Rc8 37. Kd4 Rcd8 38. Ke4 Re8+ 39. Kd4 Kf5 40.
Re3 Red8 41. Re5+ Kf4 42. Re4+ Kxf3 43. Rd3+ Kg2 44. Rg4+ Kf1 45. Kc4 Rc8+ 46.
Kd4 f6 47. Ke3 Re8+ 48. Kf3 Re5 49. Rd1+ Re1 50. Rh4 1-0

[Event "23rd European Teams Women"]
[Site "Terme Catez SLO"]
[Date "2021.11.13"]
[Round "2.13"]
[Board "1"]
[White "Toma, Katarzyna"]
[Black "Hagarova, Zuzana"]
[Result "0-1"]
[WhiteTitle "WGM"]
[BlackTitle "IM"]
[WhiteElo "2261"]
[BlackElo "2292"]
[WhiteTeam "England"]
[BlackTeam "Slovakia"]
[WhiteFideId "1119907"]
[BlackFideId "14900866"]
[EventDate "2021.11.12"]

1. e4 c5 2. Nf3 d6 3. Bb5+ Nd7 4. O-O Nf6 5. Re1 a6 6. Bd3 e6 7. c3 b5 8. Bc2
Bb7 9. d4 Be7 10. Nbd2 cxd4 11. cxd4 Rc8 12. e5 dxe5 13. dxe5 Ng4 14. Be4 Bxe4
15. Rxe4 h5 16. h3 Nh6 17. Nb3 Nf5 18. Bd2 Nc5 19. Nxc5 Rxc5 20. Rc1 Rxc1 21.
Qxc1 O-O 22. Qc2 Qd5 23. g4 hxg4 24. hxg4 Nh6 25. Kg2 f5 26. Rd4 Qc5 27. Qb3
fxg4 28. Qxe6+ Kh8 29. Bxh6 gxf3+ 30. Kh3 Qxd4 31. Qxe7 Rg8 32. Be3 Qe4 33. Kg3
Rc8 34. Qg5 Kg8 35. Bf4 Rf8 36. Qg4 Qf5 37. Qh4 Qg6+ 38. Kxf3 Qd3+ 39. Kg2 Qd5+
40. Kh2 Qxa2 41. Qg4 Qc4 42. Kg3 a5 43. Qg5 b4 44. Be3 Qe4 0-1

[Event "23rd European Teams Women"]
[Site "Terme Catez SLO"]
[Date "2021.11.13"]
[Round "2.15"]
[Board "1"]
[White "Hrescak, Ivana"]
[Black "Shvayger, Yuliya"]
[Result "1-0"]
[WhiteTitle "WIM"]
[BlackTitle "IM"]
[WhiteElo "2138"]
[BlackElo "2351"]
[WhiteTeam "Slovenia 2"]
[BlackTeam "Israel"]
[WhiteFideId "14613441"]
[BlackFideId "14100126"]
[EventDate "2021.11.12"]

1. d4 Nf6 2. c4 e6 3. Nc3 Bb4 4. e3 O-O 5. Ne2 Re8 6. a3 Bf8 7. d5 a5 8. g3 Na6
9. Bg2 Nc5 10. b3 d6 11. O-O Bd7 12. Qc2 exd5 13. cxd5 b5 14. Nd4 b4 15. Nce2
Qb8 16. a4 Qb7 17. Nf4 g6 18. Bb2 Bg7 19. Rfe1 Nfe4 20. h4 f5 21. Bf1 Be5 22.
Bc4 Kf8 23. h5 Kf7 24. Nde6 Bxf4 25. Nxc5 Nxc5 26. exf4 Ne4 27. Kg2 Rg8 28.
hxg6+ Rxg6 29. Rh1 h6 30. Rh3 Nf6 31. Qd3 Be6 32. Rd1 Rh8 33. Qf3 Bd7 34. Re1
Rh7 35. Re6 Ng4 36. Rh5 Rf6 37. Bxf6 Nxf6 38. Rxf5 1-0

[Event "23rd European Teams Women"]
[Site "Terme Catez SLO"]
[Date "2021.11.14"]
[Round "3.2"]
[Board "1"]
[White "Mammadzada, Gunay"]
[Black "Dzagnidze, Nana"]
[Result "0-1"]
[WhiteTitle "IM"]
[BlackTitle "GM"]
[WhiteElo "2459"]
[BlackElo "2524"]
[WhiteTeam "Azerbaijan"]
[BlackTeam "Georgia"]
[WhiteFideId "13403729"]
[BlackFideId "13601903"]
[EventDate "2021.11.12"]

1. e4 e6 2. d4 d5 3. Nd2 Be7 4. Ngf3 Nf6 5. e5 Nfd7 6. Bd3 c5 7. c3 b6 8. O-O
Ba6 9. Bxa6 Nxa6 10. a3 O-O 11. Re1 Nab8 12. Nf1 Nc6 13. Ng3 a5 14. Be3 b5 15.
Rc1 Re8 16. Qe2 Rb8 17. dxc5 Nxc5 18. Red1 Qc7 19. Nd4 Nxe5 20. Bf4 Bd6 21. Nxb5
Rxb5 22. Qxb5 Rb8 23. Qf1 Rxb2 24. c4 Nf3+ 25. gxf3 Bxf4 26. cxd5 Bxc1 27. d6
Qb6 28. Rxc1 h6 29. Rd1 Nd7 30. Ne4 f5 31. Qc4 Qb3 32. Qc8+ Kh7 33. Nc3 Qb7 34.
Qxb7 Rxb7 35. a4 Rb4 36. Re1 e5 37. Rd1 Rc4 38. Rd3 Kg6 39. Kf1 Kf7 40. Ke2 Ke6
41. Nb5 Rxa4 42. Nc7+ Kf7 43. Rd5 Ra2+ 44. Kf1 Ra1+ 45. Ke2 Ra2+ 46. Ke1 g5 47.
Na6 Rc2 48. Rxa5 Ke6 49. Nb4 Rb2 50. Nd5 Rb3 51. Ke2 f4 52. Ne7 Rb6 53. Nc8 Rb8
54. Na7 Rb2+ 55. Ke1 Kxd6 56. Nb5+ Kc6 57. Nc3 Rb3 58. Ra6+ Kb7 59. Rd6 Kc7 60.
Ne4 Rxf3 61. Rxh6 g4 62. Rh4 Kc6 63. Rxg4 Kd5 64. Rg7 Kxe4 65. Rxd7 Rh3 66. Rd2
Kf3 67. Rd3+ Kg2 68. Rd5 Rxh2 69. Rxe5 Rh1+ 70. Ke2 f3+ 71. Kd2 Kxf2 72. Rg5 Rh8
73. Rg7 Rd8+ 74. Kc2 Ke2 75. Re7+ Kf1 76. Rf7 f2 77. Rg7 Rd5 78. Kc3 Ke2 79.
Re7+ Kf3 80. Rf7+ Ke3 0-1

[Event "23rd European Teams Women"]
[Site "Terme Catez SLO"]
[Date "2021.11.14"]
[Round "3.13"]
[Board "1"]
[White "Hrescak, Ivana"]
[Black "Stojkovska, Monika"]
[Result "0-1"]
[WhiteTitle "WIM"]
[BlackTitle "WFM"]
[WhiteElo "2138"]
[BlackElo "2066"]
[WhiteTeam "Slovenia 2"]
[BlackTeam "North Macedonia"]
[WhiteFideId "14613441"]
[BlackFideId "15002594"]
[EventDate "2021.11.12"]

1. d4 e6 2. c4 Nf6 3. Nc3 Bb4 4. e3 O-O 5. Ne2 d5 6. a3 Be7 7. cxd5 exd5 8. Nf4
c6 9. Bd3 Re8 10. O-O Nbd7 11. Bc2 Bd6 12. f3 b6 13. e4 Ba6 14. Rf2 dxe4 15.
fxe4 c5 16. e5 Nxe5 17. dxe5 Bxe5 18. Bd2 Bd4 19. Be1 Qc7 20. Nfd5 Nxd5 21. Nxd5
Qe5 22. Nc3 Rad8 23. Qb1 g6 24. Ne4 Bb7 25. Bc3 Bxe4 26. Bxd4 Qxd4 27. Bxe4 Rxe4
28. Qf1 Rf4 29. Rb1 Rd6 30. Re1 Rdf6 31. Re2 Rxf2 32. Rxf2 Kf8 33. g3 Rxf2 34.
Qxf2 Qxf2+ 35. Kxf2 Ke7 36. Ke3 Kd6 37. Ke4 b5 38. g4 f6 39. h4 Ke6 0-1

[Event "23rd European Teams Women"]
[Site "Terme Catez SLO"]
[Date "2021.11.14"]
[Round "3.13"]
[Board "4"]
[White "Manova, Ivana"]
[Black "Mihelic, Vesna"]
[Result "1-0"]
[WhiteElo "1809"]
[BlackElo "1912"]
[WhiteTeam "North Macedonia"]
[BlackTeam "Slovenia 2"]
[WhiteFideId "15003590"]
[BlackFideId "14625520"]
[EventDate "2021.11.12"]

1. e4 e5 2. Nf3 Nc6 3. Nc3 Nf6 4. d4 exd4 5. Nxd4 Bb4 6. Nxc6 bxc6 7. Bd3 d5 8.
Bd2 O-O 9. O-O Bd6 10. h3 Rb8 11. Rb1 Re8 12. Re1 h6 13. Qf3 Be5 14. b3 d4 15.
Na4 Be6 16. Nb2 c5 17. a4 c6 18. Bc4 Nd7 19. Qh5 Qf6 20. Bxe6 Rxe6 21. Qg4 Bc7
22. f4 Qe7 23. e5 Kh8 24. a5 Re8 25. Nc4 g6 26. Re2 h5 27. Qg3 f5 28. Qf3 Qf7
29. Rbe1 Rg8 30. g4 Kh7 31. Kf2 Qe7 32. Qg3 Qf7 33. g5 Rge8 34. Kg2 Nb8 35. Nb2
Qd7 36. Qf3 Qd5 37. Nd3 Nd7 38. Nb2 Rb8 39. Kf2 Kg7 40. Kg3 Kf7 41. Qd3 Rb5 42.
Nc4 Nf8 43. Na3 Rb8 44. Qa6 Ra8 45. Qb7 Qd8 46. Nc4 Ke7 47. Nd6 Kd7 48. b4 cxb4
49. Qxb4 Bxd6 50. Qxd4 Kc7 51. exd6+ Qxd6 52. Qg7+ Qd7 53. Rxe6 Qxg7 54. Re7+
Qxe7 55. Rxe7+ Kd6 56. Rg7 a6 57. Bc3 Re8 58. Be5+ Kc5 59. Rg8 Rd8 60. Bf6 Rb8
61. Rxf8 1-0

[Event "23rd European Teams Women"]
[Site "Terme Catez SLO"]
[Date "2021.11.15"]
[Round "4.3"]
[Board "3"]
[White "Sucikova, Svetlana"]
[Black "Kiolbasa, Oliwia"]
[Result "1-0"]
[WhiteTitle "WFM"]
[BlackTitle "WIM"]
[WhiteElo "2197"]
[BlackElo "2403"]
[WhiteTeam "Slovakia"]
[BlackTeam "Poland"]
[WhiteFideId "14923653"]
[BlackFideId "1154613"]
[EventDate "2021.11.12"]

1. c4 e6 2. Nf3 d5 3. d4 Nf6 4. g3 dxc4 5. Qa4+ Nbd7 6. Bg2 a6 7. Qxc4 b5 8. Qc6
Ra7 9. O-O Bb7 10. Qc2 c5 11. a4 Qa8 12. dxc5 Bxc5 13. b4 Bxb4 14. Be3 Be4 15.
Qb2 Bc5 16. Bxc5 Nxc5 17. axb5 O-O 18. Qa3 Ncd7 19. Nc3 a5 20. Nxe4 Qxe4 21. e3
Qb7 22. Nd4 Nd5 23. Nc6 Raa8 24. Ne7+ Kh8 25. Nxd5 exd5 26. Qd6 Nf6 27. Rxa5
Rfd8 28. Rxa8 Rxa8 29. b6 h6 30. Rc1 Ra6 31. Bf1 Rxb6 32. Qd8+ Kh7 33. Rc7 Qb8
34. Rc8 Qb7 35. Rc7 Qb8 36. Bd3+ Ne4 37. Qxb8 Rxb8 38. f3 Rb3 39. Bc2 Rxe3 40.
fxe4 dxe4 41. Rxf7 Re2 42. Rf2 Re1+ 43. Kg2 h5 44. Rd2 Kh6 45. Kf2 Rh1 46. Ke3
h4 47. Bxe4 Re1+ 48. Re2 Rg1 49. Kf2 Ra1 50. g4 Kg5 51. h3 Kf4 52. Bg2 Ra4 53.
Kg1 g6 54. Kh2 Ra6 55. Re4+ Kg5 56. Kg1 Rf6 57. Rd4 Ra6 58. Bf1 Rf6 59. Kg2 Rb6
60. Be2 Re6 61. Bd3 Rf6 62. Be4 Rf4 63. Rd5+ Kh6 64. Bd3 Rf7 65. g5+ Kh7 66. Rd6
Rg7 67. Rd4 1-0

[Event "23rd European Teams Women"]
[Site "Terme Catez SLO"]
[Date "2021.11.15"]
[Round "4.12"]
[Board "2"]
[White "Machlik, Monika"]
[Black "Ratsma, Rosa"]
[Result "1/2-1/2"]
[BlackTitle "WIM"]
[WhiteElo "2096"]
[BlackElo "2272"]
[WhiteTeam "Norway"]
[BlackTeam "Netherlands"]
[WhiteFideId "1513621"]
[BlackFideId "1033662"]
[EventDate "2021.11.12"]

1. d4 Nf6 2. c4 e6 3. Nc3 Bb4 4. Qc2 O-O 5. a3 Bxc3+ 6. Qxc3 Qe8 7. f3 d5 8. Bg5
Nbd7 9. e3 h6 10. Bh4 b6 11. Bd3 Ba6 12. cxd5 Nxd5 13. Qd2 Bxd3 14. Qxd3 c5 15.
Ne2 cxd4 16. exd4 N7f6 17. O-O Qd7 18. Rac1 Rfe8 19. Rfd1 Rad8 20. Qb3 g5 21.
Bf2 Nh5 22. Qc2 Nhf4 23. Ng3 Rc8 24. Qd2 Qa4 25. Ne4 Rcd8 26. Be3 Ng6 27. Bf2
Kg7 28. Qc2 Qd7 29. Qc6 Ngf4 30. Qxd7 Rxd7 31. Kf1 Red8 32. g3 Ng6 33. Ke2 Nge7
34. Rd2 Nf5 35. Bg1 Kg6 36. Bf2 h5 37. Bg1 Nde7 38. Bf2 Nd5 39. Bg1 Nfe7 40. Bf2
f5 41. Nc3 g4 42. Rdc2 Nxc3+ 43. Rxc3 Nd5 44. Rc6 Kf7 45. R6c2 Rb7 46. h3 gxh3
47. Rh1 Rdd7 48. Rxh3 Rbc7 49. Rxc7 Rxc7 50. Kd2 Kg6 51. Rh1 b5 52. Re1 Rc6 53.
Re2 a6 54. Bg1 a5 55. Bf2 Kf6 56. Kd1 Ke7 57. Be1 a4 58. Bf2 Kd6 59. Bg1 Rc8 60.
Rh2 Nf6 61. Be3 Kd5 62. Bg5 Rf8 63. Rh4 Kc4 64. Kc2 Nd5 65. Rxh5 Kxd4 66. Rh4+
Kc5 67. Bd2 Rg8 68. Rh3 Kd6 69. Be1 Nb6 70. Bc3 Nc4 71. Kd3 Kd5 72. Ke2 Nd6 73.
Kd3 e5 74. Be1 Nc4 75. Bc3 Nd6 76. Be1 Nc4 77. Bc3 Rg6 78. Ke2 Nd6 79. Kd3 e4+
80. fxe4+ Nxe4 81. Be1 Nc5+ 82. Kc3 Re6 83. Kd2 Ne4+ 84. Kd1 Kc4 85. Kc2 Ng5 86.
Rh4+ Re4 87. Bd2 Nf3 88. Rxe4+ fxe4 89. Be3 Ne5 90. Bf4 Ng4 91. Bg5 e3 92. Bf4
Kd4 93. b3 Nf6 94. bxa4 bxa4 95. Bc7 Nd5 96. Bb8 Ke4 97. Ba7 Kf3 98. g4 Kxg4 99.
Kd3 Kf3 100. Bxe3 Nxe3 101. Kc3 Nd5+ 102. Kd4 Ke2 103. Kxd5 Kd3 104. Ke5 Ke3
105. Kd5 Kd3 106. Ke5 Kc3 107. Ke4 Kb2 108. Kd3 Kxa3 109. Kc2 Ka2 110. Kc1 a3
111. Kc2 Ka1 112. Kc1 a2 113. Kc2 1/2-1/2

[Event "23rd European Teams Women"]
[Site "Terme Catez SLO"]
[Date "2021.11.15"]
[Round "4.13"]
[Board "4"]
[White "Tamrazyan, Gohar"]
[Black "Radikovic, Anamarija"]
[Result "1/2-1/2"]
[BlackTitle "WFM"]
[WhiteElo "1981"]
[BlackElo "2124"]
[WhiteTeam "Switzerland"]
[BlackTeam "Croatia"]
[WhiteFideId "1330799"]
[BlackFideId "14546264"]
[EventDate "2021.11.12"]

1. e4 c5 2. Nf3 d6 3. d4 cxd4 4. Qxd4 Nc6 5. Bb5 Bd7 6. Bxc6 Bxc6 7. Nc3 Nf6 8.
Bg5 e6 9. Qd3 Be7 10. Nd4 Qa5 11. Bd2 Qc7 12. O-O-O O-O 13. f4 Rfc8 14. f5 Bd7
15. g4 Qc4 16. Bg5 Nd5 17. Bxe7 Qxd3 18. Rxd3 Nxe7 19. Ndb5 d5 20. Nd6 Rc7 21.
exd5 Nxd5 22. fxe6 fxe6 23. Nde4 Nf4 24. Rd2 e5 25. g5 Be6 26. h4 a6 27. h5 Rd7
28. Rxd7 Bxd7 29. h6 Bc6 30. Re1 Ne6 31. hxg7 Kxg7 32. Nd6 Nxg5 33. Rxe5 Kf6 34.
Rf5+ Ke6 35. Rxg5 Kxd6 36. Rh5 Rh8 37. Kd2 Ke6 38. Ke3 Kf6 39. Ne2 Be8 40. Rh6+
Kg5 41. Rb6 Bc6 42. Nd4 Re8+ 43. Kf2 Bd5 44. b3 Re4 45. Nf3+ Kf5 46. Rd6 Bc6 47.
Rd8 Rf4 48. Rf8+ Ke4 49. Rxf4+ Kxf4 50. Nd4 Be4 51. c4 h5 52. c5 h4 53. Ne2+ Ke5
54. b4 Bd3 55. Ng1 Kd5 56. Nf3 h3 57. Nd2 Kd4 58. Kg3 Bf5 59. Nb3+ Kc3 60. Na5
Bc8 61. a3 Kb2 62. Nc4+ Kb3 63. Nd6 Bd7 64. Nxb7 Kxa3 65. c6 Bxc6 66. Nc5 Kxb4 1/2-1/2